| 000 | 00978nam a2200277Ia 4500 | ||
|---|---|---|---|
| 003 | OSt | ||
| 005 | 20221005103807.0 | ||
| 006 | a|||||r|||| 00| 0 | ||
| 007 | ta | ||
| 008 | 221004b |||||||| |||| 00| 0 hin d | ||
| 020 |
_a9788171500710 (hbk) _cIndian Rupees 175 |
||
| 024 | _a35466 | ||
| 037 |
_bGift, 31/01/2018, _cTextual |
||
| 040 |
_aCRL _cCRL _bhin |
||
| 041 |
_2hin _ahin |
||
| 082 | _aO152,3N66x, Q0 | ||
| 100 | _aसूर्यनाथ सिंह, ले. | ||
| 245 | 0 | _aकुछ रंग बेनूर | |
| 246 | _aKuchh ranga benūra | ||
| 260 |
_aदिल्ली _bइन्द्रप्रस्थ प्रकाशन भारत _c2010 |
||
| 300 |
_a127पृ0 _ccm. |
||
| 650 | _a हिन्दी साहित्य | ||
| 650 | _aहिन्दी कहानी | ||
| 942 |
_hO152,3N66x, Q0 _cTEXL _2cc |
||
| 999 |
_c1010934 _d1010934 |
||